000113380 001__ 113380 000113380 005__ 20220606141803.0 000113380 037__ $$aGDOC-2021-25756 000113380 041__ $$aspa 000113380 041__ $$aeng 000113380 24500 $$925756$$aPromoción y animación a la lectura 000113380 24200 $$925756$$aReading: Promotion and Entertainment 000113380 260__ $$aZaragoza$$bUniversidad de Zaragoza$$c2021-2022 000113380 521__ $$9106$$aGraduado en Información y Documentación$$bDegree in Information Management 000113380 540__ $$aby-nc-sa$$bCreative Commons$$c3.0$$uhttp://creativecommons.org/licenses/by-nc-sa/3.0/ 000113380 830__ $$9268 000113380 8564_ $$s12684$$uhttps://zaguan.unizar.es/record/113380/files/guia-25756-es.pdf$$yGuía (idioma español) 000113380 8564_ $$s8006$$uhttps://zaguan.unizar.es/record/113380/files/guia-25756-en.pdf$$yGuide (english) 000113380 970__ $$aGDOC-2021-25756 000113380 980__ $$aGDOC$$bCiencias Sociales y Jurídicas$$bSocial Sciences and Law$$c103